Welcome to CU Library Online Public Access Catalogue (OPAC)

Christology : (Record no. 6294)

MARC details
000 -LEADER
fixed length control field 00497cam a22001694a 4500
001 - CONTROL NUMBER
control field 12962845
005 - DATE AND TIME OF LATEST TRANSACTION
control field 20250605093806.0
008 - FIXED-LENGTH DATA ELEMENTS--GENERAL INFORMATION
fixed length control field 021010s2003 miu b 001 0 eng
020 ## - INTERNATIONAL STANDARD BOOK NUMBER
International Standard Book Number 0801026210 (pbk.)
050 00 - LIBRARY OF CONGRESS CALL NUMBER
Classification number BT203
Item number .K37 2003
082 00 - DEWEY DECIMAL CLASSIFICATION NUMBER
Classification number 232/.09
Edition information 21
100 1# - MAIN ENTRY--PERSONAL NAME
Personal name Kärkkäinen, Veli-Matti.
245 10 - TITLE STATEMENT
Title Christology :
Remainder of title a global introduction /
Statement of responsibility, etc. Veli-Matti Kärkkäinen.
260 ## - PUBLICATION, DISTRIBUTION, ETC.
Place of publication, distribution, etc. Grand Rapids, Mich. :
Name of publisher, distributor, etc. Baker Academic,
Date of publication, distribution, etc. c2003.
300 ## - PHYSICAL DESCRIPTION
Extent 300 p. ;
Dimensions 23 cm.
942 ## - ADDED ENTRY ELEMENTS (KOHA)
Source of classification or shelving scheme Library of Congress Classification
Koha item type Books
Suppress in OPAC No
999 ## -
-- 6294
-- 6294
Holdings
Withdrawn status Lost status Source of classification or shelving scheme Damaged status Not for loan Collection Home library Current library Shelving location Date acquired Total checkouts Full call number Barcode Date last seen Copy number Price effective from Koha item type
    Library of Congress Classification     Non-fiction Undergraduate Library (Christ Temple) Undergraduate Library (Christ Temple) General stacks 06/05/2025   BT203.3 KAR ulct00003033 06/05/2025 1 06/05/2025 Books
© 2023-2024 Copyright: Central University Libraries. All Rights Reserved | Created by: Mahone Tech Office